| 000 | 00739nam a2200229 a 4500 | ||
|---|---|---|---|
| 001 | 000020002 | ||
| 005 | 20200929170226.0 | ||
| 008 | 100709s1969 sp 001 d spa d | ||
| 040 |
_aDO-SdBNP _bspa _cBNPHU |
||
| 082 |
_a862.6 _bC185h |
||
| 100 | 1 |
_aCamón Aznar, José, _d1898-1979 _941959 |
|
| 245 | 1 | 0 |
_aHitler. Ariadna. Lutero / _cJosé Camón Aznar. |
| 260 |
_aMadrid : _bEspasa-Calpe, _c1969. |
||
| 300 |
_a147, [18] p. ; _c18 cm. |
||
| 490 | 1 |
_aAustral. Violeta: teatro y poesía _v1494 |
|
| 500 | _aIncluye índice de autores. | ||
| 650 | 4 |
_aTeatro español _93071 |
|
| 650 | 4 |
_aLiteratura española _9632 |
|
| 830 | 0 |
_aAustral. _pVioleta: teatro y poesía; _v1494 _939559 |
|
| 910 | _aCatalogacion por copia WM | ||
| 049 | _aBNGR | ||
| 999 |
_c19514 _d19514 |
||